00488nam a2200205Ia 4500003000400000005001700004008004100021020002200062040000700084041000800091082001900099100001900118245004300137250000600180260003100186300001200217365001300229650002400242650001600266OSt20230524113827.0210423s2013 xx 000 0 und d a978-1-58488-553-5 cAL aeng a515.7 JEFC223 aJEFFREY (Alan) aComplex analysis and applications Ed 2 a2 aNew DelhibCRC Pressc2013 a581bPB b550cINR aFunctional Analysis aMathematics